Voľnočasový automobil

Enregistré dans:
Détails bibliographiques
Auteur principal: Kitta, Arnold, 1988- (Auteur)
Autres auteurs: Paliatka, Peter, 1952- (Directeur de thèse)
Format: Manuscrit Livre
Langue:slovaque
Publié: Bratislava 2015
Sujets:
Accès en ligne:http://is.stuba.sk/zp/portal_zp.pl?podrobnosti=111924
Tags: Ajouter un tag
Pas de tags, Soyez le premier à ajouter un tag!

MARC

LEADER 00000ntm a22000003a 4500
001 stuzp53871
003 SK-STU
005 20210308103348.9
007 ta
008 150427s2015----xo-----f-mn---000-0-slo-d
040 |a STU  |b slo 
041 0 |a slo 
100 1 |a Kitta, Arnold,  |d 1988-  |u 059190  |4 aut  |U FAD Fakulta architektúry a dizajnu  |U FAD Fakulta architektúry  |T FA Ústav dizajnu  |X 58560  |U A9190  |Y 400  |7 A000058560 
242 0 1 |a Sport utility vehicle  |y eng 
245 1 0 |a Voľnočasový automobil 
260 |c 2015  |a Bratislava 
650 4 |a automobil  |2 slo 
650 4 |a dron  |2 slo 
650 4 |a crossover  |2 slo 
650 4 |a sport utility vehicle  |2 eng 
650 4 |a drone  |2 eng 
650 4 |a crossover  |2 eng 
700 1 |a Paliatka, Peter,  |d 1952-  |4 ths  |X 332  |7 A000000332 
856 4 |u http://is.stuba.sk/zp/portal_zp.pl?podrobnosti=111924  |u https://opac.crzp.sk/?fn=detailBiblioForm&sid=A7BD2F096A49022F25C29837FE46 
SQL |a stuzp53871  |b DDP  |c SLO  |d Voľnočasový automobil  |e 58560  |f Kitta, Arnold  |g 059190  |h 332  |i Paliatka, Peter  |j 20150603  |k 640  |l 05  |m http://is.stuba.sk/zp/portal_zp.pl?podrobnosti=111924  |n I-DZ  |o 2.2.6. dizajn